Statistics for Collingwood Magpies Theme Song

Click here to take the quiz!

General Stats

  • This quiz has been taken 222 times
  • The average score is 37 of 41

Answer Stats

Answer% Correct
Collingwood
97%
Collingwood
97%
Good
97%
Good
97%
Old
96%
Old
96%
The
96%
The
96%
The
96%
The
96%
The
96%
To
96%
To
96%
For
95%
For
95%
By
94%
Forever
94%
Play
94%
Side
94%
Side
94%
Game
93%
How
93%
Know
93%
Stick
93%
Together
93%
Magpies
90%
They
90%
They
90%
A
88%
Name
85%
See
85%
Shouting
85%
Are
84%
As
83%
Should
83%
All
82%
Barrackers
81%
Barrackers
81%
Uphold
77%
Cakewalk
74%
Premiership's
74%

Score Distribution

Percentile by Number Answered

Percent of People with Each Score

Your Score History

You have not taken this quiz